Civilisations Age of Empires IV - Statistiques

Statistiques générales
  • Ce quiz a été pris 45 fois
    18 depuis la dernière actualisation
  • Le résultat moyen est 9 sur 16
Statistiques - réponses
Origines Civilisations % Correct
Europe de l'Ouest Français
100%
Europe de l'Ouest Britanniques
87%
Europe Centrale Saint Empire Romain-Germanique
87%
Extrême Orient Chinois
73%
Moyen-Orient Ottomans
67%
Europe de l'Est Rus
67%
Extrême Orient Japonais
60%
Afrique Maliens
53%
Europe de l'Est Byzantins
47%
Asie du Sud Sultanat de Delhi
47%
Europe de l'Ouest* Jeanne d'Arc
40%
Asie Centrale Mongoles
40%
Moyen-Orient Dynastie des Abassydes
33%
Europe de l'Ouest* Ordre du Dragon
33%
Moyen-Orient* Ayyoubides
27%
Extrême Orient* Héritage de Zhu Xi
27%
Aucun quiz correspondant
Distribution des résultats
% des personnes avec chaque résultat
Percentile par nombre de réponses
Votre historique - résultats
Vous n’avez pas pris ce quiz depuis la dernière actualisation